Countries with most Earthquakes 2025 - Statistics

General Stats
  • This quiz has been taken 29 times
  • The average score is 12 of 20
Answer Stats
# Country % Correct
1291 Japan
96%
681 China
91%
1935 Indonesia
91%
1757 Mexico
91%
3593 Russia
91%
927 Chile
83%
451 India
78%
563 Peru
70%
1094 Philippines
70%
656 Türkiye
70%
538 Argentina
61%
751 Guatemala
52%
342 Afghanistan
48%
713 Greece
48%
292 Honduras
48%
399 El Salvador
39%
304 Myanmar
39%
893 Papua New Guinea
30%
304 Tajikistan
13%
323 Timor-Leste
9%
No matching quizzes found
Score Distribution
Percent of People with Each Score
Percentile by Number Answered
Your Score History
You have not taken this quiz